[Event "24th Klatovy B 2016"]
[Site "Klatovy CZE"]
[Date "2016.07.03"]
[Round "2.28"]
[White "Dolejs, Jakub"]
[Black "Kasik, Miroslav"]
[Result "1/2-1/2"]
[WhiteElo "1086"]
[BlackElo "1768"]
[PlyCount "66"]
[EventDate "2016.07.02"]
[EventType "swiss"]
[EventRounds "9"]
[EventCountry "CZE"]

1. d4 d5 2. c4 e6 3. Nc3 Nf6 4. Bg5 Be7 5. e3 h6 6. Bh4 Nbd7 7. Bd3 c6 8. c5 e5 9. f3 exd4 10. exd4 O-O 11. Nge2 Re8 12. O-O Nh7 13. Bxh7+ Kxh7 14. Bg3 Bh4 15. Re1 Bxg3 16. Nxg3 Nf6 17. Qd3+ Kg8 18. Rxe8+ Qxe8 19. Qe2 Bd7 20. Re1 Qxe2 21. Rxe2 Re8 22. Rxe8+ Nxe8 23. a4 g6 24. Kf2 f6 25. Nge2 Kf7 26. g4 Nc7 27. a5 g5 28. b4 Na6 29. b5 cxb5 30. Nxd5 b4 31. Nc1 Ba4 32. Nd3 b3 33. Ke3 Ke6 1/2-1/2

[Event "24th Klatovy B 2016"]
[Site "Klatovy CZE"]
[Date "2016.07.03"]
[Round "2.29"]
[White "Maly, Jiri"]
[Black "Kovar, Michal"]
[Result "1-0"]
[WhiteElo "1657"]
[BlackElo "1479"]
[PlyCount "67"]
[EventDate "2016.07.02"]
[EventType "swiss"]
[EventRounds "9"]
[EventCountry "CZE"]

1. e4 e5 2. Nf3 Nc6 3. Bb5 a6 4. Ba4 Nf6 5. d3 d6 6. h3 b5 7. Bb3 Na5 8. Be3 Nxb3 9. cxb3 h6 10. b4 Bb7 11. O-O Be7 12. Nc3 O-O 13. Qd2 Kh7 14. Rac1 Nd7 15. d4 Rc8 16. d5 Nb6 17. b3 Nd7 18. Qd3 c5 19. dxc6 Bxc6 20. Nd5 Bb7 21. Rxc8 Bxc8 22. Rc1 Bb7 23. Qc2 Bxd5 24. exd5+ Kg8 25. Qc6 Nb8 26. Qb7 Re8 27. Bb6 Qd7 28. Rc7 Qd8 29. g4 Kh7 30. Nd2 g6 31. Ne4 Kg7 32. Kg2 g5 33. Ng3 Kf6 34. Nf5 1-0

[Event "24th Klatovy B 2016"]
[Site "Klatovy CZE"]
[Date "2016.07.03"]
[Round "2.30"]
[White "Matejka, Jaromir"]
[Black "Schille, Hannes"]
[Result "0-1"]
[WhiteElo "1000"]
[BlackElo "1629"]
[PlyCount "84"]
[EventDate "2016.07.02"]
[EventType "swiss"]
[EventRounds "9"]
[EventCountry "CZE"]

1. e4 c5 2. Nf3 d5 3. exd5 Nf6 4. Bb5+ Nbd7 5. c4 a6 6. Ba4 b5 7. cxb5 Nxd5 8. Nc3 N5b6 9. O-O e6 10. d4 Nxa4 11. Qxa4 Bb7 12. Be3 axb5 13. Qd1 Qb6 14. d5 exd5 15. Nxd5 Qc6 16. Nf4 Be7 17. h4 O-O 18. Ne1 Bxh4 19. Qg4 Bf6 20. Qe2 Rfe8 21. Qc2 Be5 22. Nf3 Bxf4 23. Bxf4 h6 24. Qf5 Re6 25. Rfe1 Rf6 26. Qg4 Rg6 27. Qh3 Qxf3 28. Bg3 Qc6 29. Re7 Nf8 30. a3 Re6 31. Re1 Rxe1+ 32. Rxe1 Ne6 33. f3 Qd5 34. Be5 Re8 35. Qg3 f6 36. Bxf6 Qd7 37. Qg4 Qf7 38. Bc3 Nc7 39. Rd1 Nd5 40. Bd2 Qe6 41. Re1 Qxg4 42. Rxe8+ Kf7 0-1

[Event "24th Klatovy B 2016"]
[Site "Klatovy CZE"]
[Date "2016.07.03"]
[Round "2.31"]
[White "Sedlak, Jakub"]
[Black "Vavrinkova, Jitka"]
[Result "0-1"]
[WhiteElo "1457"]
[BlackElo "1625"]
[PlyCount "86"]
[EventDate "2016.07.02"]
[EventType "swiss"]
[EventRounds "9"]
[EventCountry "CZE"]

1. e4 e6 2. d4 d5 3. e5 c5 4. c3 Nc6 5. Nf3 Qb6 6. a3 Nge7 7. Bd3 Bd7 8. Bc2 Ng6 9. O-O Be7 10. b4 cxd4 11. cxd4 O-O 12. Be3 Qc7 13. Nc3 Ncxe5 14. Nxe5 Nxe5 15. Rc1 Nc4 16. Ne2 Qd8 17. Qd3 g6 18. Bh6 Re8 19. Qg3 Bh4 20. Qf4 e5 21. dxe5 Nxe5 22. Qd4 Bf6 23. Qxd5 Ng4 24. Be3 Bc6 25. Qxd8 Raxd8 26. Ng3 Nxe3 27. fxe3 Bg5 28. Rce1 Bxe3+ 29. Kh1 Bb6 30. Be4 Bb5 31. Bxb7 Bxf1 32. Rxf1 Re3 33. a4 Bc7 34. Ne4 Red3 35. g3 Rd1 36. Rxd1 Rxd1+ 37. Kg2 Rd4 38. Nf6+ Kh8 39. b5 Rxa4 40. Bc6 Ra2+ 41. Kh3 Bb6 42. Bd5 Rb2 43. Bxf7 Kg7 0-1

[Event "24th Klatovy B 2016"]
[Site "Klatovy CZE"]
[Date "2016.07.03"]
[Round "2.32"]
[White "Rosenbaumova, Lea"]
[Black "Chmelik, Ladislav"]
[Result "1-0"]
[WhiteElo "1351"]
[BlackElo "1762"]
[PlyCount "59"]
[EventDate "2016.07.02"]
[EventType "swiss"]
[EventRounds "9"]
[EventCountry "CZE"]

1. e4 c5 2. c3 d6 3. d4 cxd4 4. cxd4 Nf6 5. Nc3 g6 6. Bg5 Bg7 7. Nf3 a6 8. Bc4 b5 9. Bb3 Bb7 10. Qc2 Nc6 11. Rd1 O-O 12. O-O Rc8 13. e5 Nd7 14. exd6 Bf6 15. dxe7 Bxe7 16. Bxe7 Nxe7 17. Rfe1 Nf5 18. Ne5 Qg5 19. f3 Nxe5 20. dxe5 Nh4 21. Kf1 Qf4 22. e6 Nxf3 23. exf7+ Rxf7 24. gxf3 Bxf3 25. Bxf7+ Qxf7 26. Qf2 Qc4+ 27. Ne2 Bxe2+ 28. Qxe2 Rf8+ 29. Kg1 Qc5+ 30. Qe3 1-0

[Event "24th Klatovy B 2016"]
[Site "Klatovy CZE"]
[Date "2016.07.03"]
[Round "2.33"]
[White "Spackova, Martina 1992"]
[Black "Vavrinkova, Marie"]
[Result "1-0"]
[WhiteElo "1731"]
[BlackElo "1259"]
[PlyCount "29"]
[EventDate "2016.07.02"]
[EventType "swiss"]
[EventRounds "9"]
[EventCountry "CZE"]

1. e4 e5 2. Nf3 Nc6 3. Bc4 Be7 4. O-O Nf6 5. d4 exd4 6. e5 Ne4 7. Bd5 f5 8. Re1 Ng5 9. Nxg5 Bxg5 10. Qh5+ g6 11. Qxg5 Ne7 12. Bf7+ Kxf7 13. Qf6+ Kg8 14. Bh6 Qf8 15. Qxf8# 1-0

[Event "24th Klatovy B 2016"]
[Site "Klatovy CZE"]
[Date "2016.07.03"]
[Round "2.34"]
[White "Sroub, Jaroslav"]
[Black "Stanke, Petr"]
[Result "1-0"]
[WhiteElo "1730"]
[BlackElo "1239"]
[PlyCount "61"]
[EventDate "2016.07.02"]
[EventType "swiss"]
[EventRounds "9"]
[EventCountry "CZE"]

1. d3 e5 2. g3 Nc6 3. Bg2 d5 4. Nd2 Nf6 5. e4 d4 6. Ngf3 Be6 7. O-O Qd6 8. Ng5 Bg4 9. Qe1 Nb4 10. Nc4 Qc5 11. Qd2 b5 12. a3 bxc4 13. axb4 Qxb4 14. Qxb4 Bxb4 15. f3 cxd3 16. cxd3 Bh5 17. b3 O-O 18. Rf2 Nd7 19. Ba3 Rab8 20. Rc2 c5 21. Kf2 Rb6 22. f4 exf4 23. gxf4 f6 24. e5 Re8 25. Bd5+ Kh8 26. Nf7+ Bxf7 27. Bxf7 Re7 28. e6 Nf8 29. Bxb4 Rxb4 30. Rxc5 Rb8 31. Rac1 1-0

[Event "24th Klatovy B 2016"]
[Site "Klatovy CZE"]
[Date "2016.07.03"]
[Round "2.35"]
[White "Skalicky, Jindrich"]
[Black "Ruzicka, Vaclav1"]
[Result "0-1"]
[WhiteElo "1311"]
[BlackElo "1649"]
[PlyCount "76"]
[EventDate "2016.07.02"]
[EventType "swiss"]
[EventRounds "9"]
[EventCountry "CZE"]

1. f4 d5 2. g3 Bf5 3. Bg2 c6 4. e3 Nf6 5. Nf3 e6 6. O-O h5 7. d3 Bd6 8. Qd2 Nbd7 9. b3 Bg6 10. Bb2 Qe7 11. Nc3 e5 12. fxe5 Nxe5 13. Nxe5 Bxe5 14. d4 Bd6 15. a4 h4 16. Ne2 Ng4 17. Bc1 Nxh2 18. Rf2 hxg3 19. Nxg3 Bxg3 20. Ba3 Bxf2+ 21. Qxf2 Qf6 22. Qg3 O-O-O 23. Bh3+ Bf5 24. Bxf5+ Qxf5 25. Be7 Nf3+ 26. Kg2 Rh2+ 27. Qxh2 Nxh2 28. Bxd8 Kxd8 29. Kxh2 Qxc2+ 30. Kg3 Qxb3 31. Rf1 Qxe3+ 32. Rf3 Qg5+ 33. Kf2 f5 34. Rg3 Qd2+ 35. Kf3 Qxd4 36. Rg5 f4 37. Rg4 Qe3+ 38. Kg2 f3+ 0-1

[Event "24th Klatovy B 2016"]
[Site "Klatovy CZE"]
[Date "2016.07.03"]
[Round "2.36"]
[White "Vartazaryan, Gor"]
[Black "Palla, Marek"]
[Result "1-0"]
[WhiteElo "1620"]
[BlackElo "1191"]
[PlyCount "43"]
[EventDate "2016.07.02"]
[EventType "swiss"]
[EventRounds "9"]
[EventCountry "CZE"]

1. e4 e6 2. d4 d5 3. Nc3 c5 4. exd5 exd5 5. dxc5 d4 6. Ne4 Bf5 7. Bd3 Qe7 8. Qe2 Bxe4 9. Bxe4 Nc6 10. Nf3 Nf6 11. Bg5 h6 12. Bxf6 gxf6 13. O-O-O O-O-O 14. Rhe1 Qxc5 15. Bxc6 bxc6 16. Qa6+ Kb8 17. Rd3 Rd7 18. Rb3+ Kc7 19. Qb7+ Kd6 20. Qb8+ Kd5 21. Rd3 Kc4 22. Qb3# 1-0

[Event "24th Klatovy B 2016"]
[Site "Klatovy CZE"]
[Date "2016.07.03"]
[Round "2.37"]
[White "Kotal, Vit"]
[Black "Vasko, Pavel"]
[Result "1-0"]
[WhiteElo "1292"]
[BlackElo "1619"]
[PlyCount "63"]
[EventDate "2016.07.02"]
[EventType "swiss"]
[EventRounds "9"]
[EventCountry "CZE"]

1. e4 e5 2. Nf3 Nf6 3. Nxe5 d6 4. Nf3 Nxe4 5. Nc3 Nxc3 6. dxc3 Be7 7. Be3 O-O 8. Qd2 Be6 9. Bd3 h6 10. Nd4 Qd7 11. h3 Nc6 12. Nxe6 Qxe6 13. O-O Bf6 14. Rfe1 Qd7 15. Bxh6 Ne5 16. Bf4 Rae8 17. Bxe5 Bxe5 18. Qg5 Bf6 19. Qh5 g6 20. Qf3 Bg7 21. Rxe8 Qxe8 22. Qxb7 Qb8 23. Qb3 Qa8 24. Bxg6 d5 25. Bd3 Rb8 26. Qa3 Bf8 27. b4 c5 28. bxc5 Qc6 29. Qxa7 Rb7 30. Qa6 Qc7 31. Re1 Bxc5 32. Qh6 1-0

[Event "24th Klatovy B 2016"]
[Site "Klatovy CZE"]
[Date "2016.07.03"]
[Round "2.38"]
[White "Nemec, Frantisek 1985"]
[Black "Schille, Steffen"]
[Result "1-0"]
[WhiteElo "1614"]
[BlackElo "1566"]
[PlyCount "89"]
[EventDate "2016.07.02"]
[EventType "swiss"]
[EventRounds "9"]
[EventCountry "CZE"]

1. e4 c5 2. Nf3 d5 3. exd5 Nf6 4. c4 a6 5. Nc3 Bg4 6. Be2 Nbd7 7. d4 e6 8. dxe6 Bxe6 9. d5 Bf5 10. O-O Bd6 11. Bd3 Bg4 12. Re1+ Ne5 13. Bf4 Nfd7 14. h3 Bxf3 15. Qxf3 O-O 16. Bxe5 Nxe5 17. Rxe5 Bxe5 18. Qh5 Bh2+ 19. Kxh2 Qc7+ 20. Kg1 g6 21. Qg4 Rae8 22. h4 Re5 23. Qg3 Qe7 24. f3 f5 25. Ne2 Rxe2 26. Bxe2 Qxe2 27. b3 Re8 28. Qf2 Qe5 29. Rd1 Qd6 30. Re1 Re7 31. g3 b5 32. Kg2 Kf7 33. Qd2 Qf6 34. Kf2 Ke8 35. Rxe7+ Kxe7 36. Qg5 h6 37. Qxf6+ Kxf6 38. Ke3 g5 39. hxg5+ hxg5 40. Kd3 Ke7 41. cxb5 axb5 42. a4 Kd6 43. axb5 Kxd5 44. Kc3 Kd6 45. Kc4 1-0

[Event "24th Klatovy B 2016"]
[Site "Klatovy CZE"]
[Date "2016.07.03"]
[Round "2.39"]
[White "Krisman, Ondrej"]
[Black "Tomascik, Petr"]
[Result "1-0"]
[WhiteElo "1608"]
[BlackElo "1484"]
[PlyCount "33"]
[EventDate "2016.07.02"]
[EventType "swiss"]
[EventRounds "9"]
[EventCountry "CZE"]

1. e4 d6 2. d4 b6 3. Nc3 Nf6 4. Bg5 Nbd7 5. f4 h6 6. Bh4 Bb7 7. d5 c6 8. Nf3 cxd5 9. exd5 Qc7 10. Bb5 a6 11. Bxf6 gxf6 12. Bd3 Bg7 13. Nd4 Nc5 14. Bf5 Bc8 15. Qg4 O-O 16. Bxc8 Raxc8 17. Nf5 1-0

[Event "24th Klatovy B 2016"]
[Site "Klatovy CZE"]
[Date "2016.07.03"]
[Round "2.40"]
[White "Severin, Alois"]
[Black "Novy, Jan"]
[Result "0-1"]
[WhiteElo "1240"]
[BlackElo "1606"]
[PlyCount "90"]
[EventDate "2016.07.02"]
[EventType "swiss"]
[EventRounds "9"]
[EventCountry "CZE"]

1. e4 d5 2. e5 d4 3. Nf3 e6 4. Be2 c5 5. c3 d3 6. Bf1 Nc6 7. a3 c4 8. Qa4 Qb6 9. Qxc4 Bc5 10. b4 Bxf2+ 11. Kd1 Nge7 12. Bxd3 Ng6 13. Qb5 O-O 14. Qxb6 Bxb6 15. g3 Ncxe5 16. Be4 Ng4 17. Kc2 Nf2 18. Re1 e5 19. d3 Nxe4 20. Rxe4 Bf5 21. Rc4 Rad8 22. Ne1 Bf2 23. Bd2 Bxe1 24. Bxe1 Bxd3+ 25. Kb3 Bxc4+ 26. Kxc4 Rd1 27. Bf2 b6 28. Kb3 Rfd8 29. Be3 Rh1 30. h4 Rd3 31. Bg5 f6 32. Bd2 Rxg3 33. Kc2 Nxh4 34. Ra2 Rgg1 35. Rb2 Nf3 36. Be3 Rg2+ 37. Kb3 Rxb2+ 38. Kxb2 h5 39. Nd2 Nxd2 40. Bxd2 Rh2 41. Kc1 b5 42. Be3 a6 43. Kd1 f5 44. Ke1 Ra2 45. Bc1 h4 0-1

[Event "24th Klatovy B 2016"]
[Site "Klatovy CZE"]
[Date "2016.07.03"]
[Round "2.41"]
[White "Rimovsky, Pavel"]
[Black "Gorbunov, Alexander 1998"]
[Result "1/2-1/2"]
[WhiteElo "1593"]
[BlackElo "1353"]
[PlyCount "56"]
[EventDate "2016.07.02"]
[EventType "swiss"]
[EventRounds "9"]
[EventCountry "CZE"]

1. Nf3 Nc6 2. g3 e5 3. e4 Nf6 4. d3 d5 5. Nbd2 Bg4 6. h3 Bxf3 7. Qxf3 Nd4 8. Qd1 dxe4 9. c3 Nc6 10. dxe4 Nxe4 11. Nxe4 Qxd1+ 12. Kxd1 Bc5 13. Ke2 O-O 14. Be3 Bxe3 15. Kxe3 a6 16. Rd1 Rad8 17. Be2 g6 18. Rxd8 Rxd8 19. Rd1 Rxd1 20. Bxd1 Ne7 21. f4 f6 22. b4 b5 23. a4 Nc8 24. axb5 axb5 25. Bb3+ Kf8 26. c4 bxc4 27. Bxc4 Nd6 28. Bd3 h5 1/2-1/2

[Event "24th Klatovy B 2016"]
[Site "Klatovy CZE"]
[Date "2016.07.03"]
[Round "2.42"]
[White "Stanke, Vilem"]
[Black "Soukup, Jiri1"]
[Result "0-1"]
[WhiteElo "1200"]
[BlackElo "1591"]
[PlyCount "76"]
[EventDate "2016.07.02"]
[EventType "swiss"]
[EventRounds "9"]
[EventCountry "CZE"]

1. e4 e6 2. d4 d5 3. exd5 exd5 4. Nf3 Bd6 5. c4 c6 6. Nc3 Ne7 7. cxd5 Nxd5 8. Bc4 Qe7+ 9. Qe2 Qxe2+ 10. Nxe2 Be6 11. O-O O-O 12. b3 Nd7 13. Ng5 Rfe8 14. Nxe6 Rxe6 15. Re1 Rae8 16. Bd2 N7b6 17. Bd3 Bb4 18. Red1 Bxd2 19. Rxd2 Nb4 20. Nf4 Re1+ 21. Rxe1 Rxe1+ 22. Bf1 Ra1 23. Re2 Kf8 24. a4 Rd1 25. g3 Rxd4 26. Bh3 N6d5 27. Be6 Nxf4 28. gxf4 fxe6 29. Rxe6 Rxf4 30. Rd6 Ke7 31. Rd2 Rf3 32. Re2+ Kd7 33. Re3 Rxe3 34. fxe3 Ke6 35. Kf2 Ke5 36. Kf3 Nc2 37. h3 a5 38. h4 h5 0-1

[Event "24th Klatovy B 2016"]
[Site "Klatovy CZE"]
[Date "2016.07.03"]
[Round "2.43"]
[White "Kudrna, Miroslav"]
[Black "Celovsky, Jan"]
[Result "1/2-1/2"]
[WhiteElo "1580"]
[BlackElo "1281"]
[PlyCount "59"]
[EventDate "2016.07.02"]
[EventType "swiss"]
[EventRounds "9"]
[EventCountry "CZE"]

1. e4 e5 2. Nf3 Nc6 3. Bb5 a6 4. Ba4 Nf6 5. O-O b5 6. Bb3 Be7 7. Re1 O-O 8. c3 Re8 9. d4 d6 10. h3 Bb7 11. Bg5 Na5 12. Nbd2 h6 13. Bh4 Bf8 14. Bc2 c5 15. d5 b4 16. cxb4 cxb4 17. a3 Qb6 18. axb4 Qxb4 19. Ra4 Qb5 20. b4 Nc4 21. Nxc4 Qxc4 22. Bd3 Qc7 23. Nd2 Nd7 24. f3 Qb6+ 25. Bf2 Qc7 26. Nc4 Rec8 27. Qc2 Be7 28. g3 g5 29. g4 Nf8 30. Rc1 1/2-1/2

[Event "24th Klatovy B 2016"]
[Site "Klatovy CZE"]
[Date "2016.07.03"]
[Round "2.44"]
[White "Psaila, Ocean"]
[Black "Repa, Vaclav"]
[Result "0-1"]
[WhiteElo "1046"]
[BlackElo "1577"]
[PlyCount "58"]
[EventDate "2016.07.02"]
[EventType "swiss"]
[EventRounds "9"]
[EventCountry "CZE"]

1. d4 Nf6 2. Nf3 d6 3. e3 g6 4. Be2 Bg7 5. O-O O-O 6. c4 h5 7. Nc3 h4 8. b3 h3 9. g3 Nbd7 10. Bb2 Re8 11. Qc2 e5 12. Rfd1 exd4 13. Rxd4 Nh5 14. Rd2 b6 15. Rad1 Bb7 16. Nd5 Nc5 17. Bxg7 Nxg7 18. Qc3 Re6 19. Ng5 Re5 20. Nf3 Ne4 21. Qc2 Nxd2 22. Nxe5 dxe5 23. Qxd2 Qe8 24. Nxc7 Qc6 25. Nd5 Rd8 26. e4 Bc8 27. Qh6 f5 28. Bh5 Nxh5 29. exf5 Bxf5 0-1

[Event "24th Klatovy B 2016"]
[Site "Klatovy CZE"]
[Date "2016.07.03"]
[Round "2.45"]
[White "Kotal, Petr"]
[Black "Skopkova, Marcela"]
[Result "1-0"]
[WhiteElo "1558"]
[BlackElo "1166"]
[PlyCount "53"]
[EventDate "2016.07.02"]
[EventType "swiss"]
[EventRounds "9"]
[EventCountry "CZE"]

1. d4 d5 2. Bg5 h6 3. Bh4 Nf6 4. e3 e6 5. Nf3 Be7 6. Ne5 Nbd7 7. Bg3 O-O 8. Bd3 Nxe5 9. Bxe5 Bd6 10. Bg3 c5 11. c3 c4 12. Bc2 Qb6 13. b3 Bxg3 14. hxg3 cxb3 15. axb3 Bd7 16. g4 Bb5 17. Qf3 Nh7 18. Bxh7+ Kxh7 19. g5 f5 20. Qf4 Rh8 21. Qg3 Bd3 22. g6+ Kg8 23. Kd2 Ba6 24. Qe5 Rc8 25. Rh5 Kf8 26. Ra3 Rc6 27. Qb8+ 1-0

[Event "24th Klatovy B 2016"]
[Site "Klatovy CZE"]
[Date "2016.07.03"]
[Round "2.46"]
[White "Svejdar, Pavel"]
[Black "Kopal, Vladimir"]
[Result "1-0"]
[WhiteElo "1544"]
[BlackElo "1550"]
[PlyCount "57"]
[EventDate "2016.07.02"]
[EventType "swiss"]
[EventRounds "9"]
[EventCountry "CZE"]

1. e4 e5 2. Nf3 Nc6 3. d4 exd4 4. Nxd4 Bc5 5. Be3 Nxd4 6. Bxd4 Bxd4 7. Qxd4 f6 8. Bc4 d6 9. Nc3 Ne7 10. h3 a6 11. Bb3 Bd7 12. Qc4 Rf8 13. O-O-O Bc6 14. Nd5 Nxd5 15. exd5 Bb5 16. Rhe1+ Kf7 17. Qh4 Kg8 18. Bc4 Bxc4 19. Qxc4 b5 20. Qc6 f5 21. Kb1 b4 22. Re6 Rb8 23. Rde1 Rb6 24. Qc4 a5 25. Re7 Rb8 26. Rxc7 Re8 27. Re6 h6 28. b3 Rc8 29. Rxe8+ 1-0

[Event "24th Klatovy B 2016"]
[Site "Klatovy CZE"]
[Date "2016.07.03"]
[Round "2.47"]
[White "Jedlicka, Pavel"]
[Black "Zimmermann, Ladislav"]
[Result "1-0"]
[WhiteElo "1548"]
[BlackElo "1147"]
[PlyCount "37"]
[EventDate "2016.07.02"]
[EventType "swiss"]
[EventRounds "9"]
[EventCountry "CZE"]

1. d4 d5 2. c4 dxc4 3. Nc3 e6 4. Nf3 Bb4 5. e3 Nf6 6. Bxc4 Ne4 7. Bd2 Nxd2 8. Nxd2 Bxc3 9. bxc3 O-O 10. Bd3 g6 11. h4 Re8 12. h5 Qf6 13. Ne4 Qe7 14. Qf3 Rf8 15. Nf6+ Kg7 16. e4 Nd7 17. e5 Rb8 18. hxg6 fxg6 19. Rxh7# 1-0

[Event "24th Klatovy B 2016"]
[Site "Klatovy CZE"]
[Date "2016.07.03"]
[Round "2.48"]
[White "Psaila, Uranchimeg"]
[Black "Velkoborsky, Tadeas"]
[Result "1-0"]
[WhiteElo "1546"]
[BlackElo "1100"]
[PlyCount "67"]
[EventDate "2016.07.02"]
[EventType "swiss"]
[EventRounds "9"]
[EventCountry "CZE"]

1. d4 e5 2. dxe5 Nc6 3. Nf3 Bc5 4. e3 Nge7 5. Bc4 O-O 6. O-O d5 7. exd6 Bxd6 8. Nc3 Nf5 9. Ne4 Qf6 10. Nxf6+ gxf6 11. e4 Nfe7 12. Bh6 Re8 13. h3 Rd8 14. Qe2 Ne5 15. Nxe5 Bxe5 16. c3 Rd6 17. Rfd1 f5 18. Rxd6 Bxd6 19. exf5 Bxf5 20. g4 Bd7 21. Qf3 Be6 22. Bxe6 fxe6 23. Qf6 Nf5 24. gxf5 Bf8 25. Bxf8 Rxf8 26. Qxe6+ Rf7 27. Rd1 Kg7 28. Rd7 Rxd7 29. Qxd7+ Kf6 30. Qe6+ Kg5 31. f6 Kh5 32. f7 Kg5 33. f8=Q Kh4 34. Qg4# 1-0

[Event "24th Klatovy B 2016"]
[Site "Klatovy CZE"]
[Date "2016.07.03"]
[Round "2.49"]
[White "Mikes, Vlastislav 1983"]
[Black "Palla, Ivan"]
[Result "0-1"]
[WhiteElo "1472"]
[BlackElo "1536"]
[PlyCount "97"]
[EventDate "2016.07.02"]
[EventType "swiss"]
[EventRounds "9"]
[EventCountry "CZE"]

1. e4 c5 2. Nf3 Nc6 3. Bc4 e6 4. d4 cxd4 5. Nxd4 Nf6 6. f3 Be7 7. Bf4 d6 8. Bg3 a6 9. c3 O-O 10. Bf2 Qc7 11. O-O Rd8 12. Qc2 Ne5 13. Bd3 b6 14. Nd2 Bb7 15. h3 b5 16. Rfc1 Rdc8 17. Bf1 Qd8 18. Qd1 d5 19. f4 Nc4 20. Bxc4 dxc4 21. e5 Qd5 22. Qf3 Ne4 23. Nxe4 Qxe4 24. Qxe4 Bxe4 25. a4 Bc5 26. Ne2 Bd3 27. Re1 Be7 28. Ng3 b4 29. Ne4 bxc3 30. bxc3 Rab8 31. Bd4 Rb2 32. Nf2 Bg6 33. Nd1 Rd2 34. g3 Bc5 35. Bxc5 Rxc5 36. Rf1 Rd3 37. Kf2 Rc8 38. Rg1 Rcd8 39. Ke2 Be4 40. Nf2 Bf3+ 41. Kf1 Rxc3 42. Ng4 h5 43. Nh2 Rd2 44. Nxf3 Rxf3+ 45. Ke1 Rff2 46. Rb1 c3 47. Rb8+ Kh7 48. Rc8 c2 49. a5 0-1

[Event "24th Klatovy B 2016"]
[Site "Klatovy CZE"]
[Date "2016.07.03"]
[Round "2.50"]
[White "Filip, Petr 1952"]
[Black "Flajsman, Petr"]
[Result "0-1"]
[WhiteElo "1353"]
[BlackElo "1529"]
[PlyCount "108"]
[EventDate "2016.07.02"]
[EventType "swiss"]
[EventRounds "9"]
[EventCountry "CZE"]

1. e4 c5 2. Nf3 e6 3. d4 cxd4 4. Nxd4 Nf6 5. Bd3 Nc6 6. Nf3 Bc5 7. Be3 Bxe3 8. fxe3 Qb6 9. a3 Qxe3+ 10. Qe2 Qxe2+ 11. Bxe2 Nxe4 12. O-O d5 13. Bd3 Nc5 14. Be2 O-O 15. c3 Ne4 16. Bd3 Nf6 17. Nbd2 e5 18. Bb5 e4 19. Nd4 Nxd4 20. cxd4 a6 21. Be2 Bd7 22. a4 h6 23. b4 Rac8 24. Nb3 Ne8 25. Nc5 Bc6 26. Bg4 Rb8 27. Bd7 Nc7 28. Bxc6 bxc6 29. Rab1 Rfd8 30. Rfe1 Rd6 31. h3 f5 32. Rf1 g6 33. Kh2 Ra8 34. Nb7 Rf6 35. Nc5 Rd8 36. g3 Kf7 37. Kg2 Ke7 38. Kf2 Ra8 39. Ke3 Ra7 40. Rfc1 Ne6 41. Nb3 Nd8 42. Nc5 Nb7 43. Nb3 g5 44. Nc5 Nxc5 45. bxc5 Kd7 46. Rb8 Kc7 47. Rg8 Rb7 48. Rc3 f4+ 49. gxf4 gxf4+ 50. Kf2 e3+ 51. Kf3 Rb2 52. Rg7+ Kd8 53. Rg2 Rxg2 54. Kxg2 f3+ 0-1

[Event "24th Klatovy B 2016"]
[Site "Klatovy CZE"]
[Date "2016.07.03"]
[Round "2.51"]
[White "Janous, Marek"]
[Black "Flajsman, Zdenek"]
[Result "1/2-1/2"]
[WhiteElo "1200"]
[BlackElo "1457"]
[PlyCount "158"]
[EventDate "2016.07.02"]
[EventType "swiss"]
[EventRounds "9"]
[EventCountry "CZE"]

1. e4 c6 2. Nf3 d5 3. exd5 cxd5 4. d4 Bf5 5. Nc3 e6 6. a3 Nf6 7. Bg5 Be7 8. Ne5 Nc6 9. Bb5 Rc8 10. O-O O-O 11. Re1 Qb6 12. Bxf6 Bxf6 13. Nd7 Qxd4 14. Qxd4 Bxd4 15. Nxf8 Kxf8 16. Bd3 Ne7 17. Nb5 Bxd3 18. Nxd4 Bxc2 19. Rac1 Ba4 20. Rxc8+ Nxc8 21. h4 Ke7 22. b3 Be8 23. Nf5+ Kf8 24. Nd4 Nd6 25. Kh2 g6 26. Kg3 Ke7 27. Kg4 h6 28. f4 Bd7 29. Kf3 Ne4 30. g4 Kd6 31. a4 a6 32. a5 Bc6 33. f5 e5 34. fxg6 exd4 35. g7 Nf6 36. g5 hxg5 37. hxg5 Ng8 38. Rh1 d3 39. Rh8 d4+ 40. Kf2 d2 41. Ke2 Ne7 42. Kxd2 Bd5 43. g8=Q Nxg8 44. Rxg8 Bxb3 45. g6 fxg6 46. Rxg6+ Kc5 47. Rg7 Bd5 48. Rg5 Kc4 49. Rg7 Bc6 50. Rg3 Kc5 51. Rg1 Kb4 52. Kd3 Kxa5 53. Kxd4 b5 54. Kc5 b4 55. Ra1+ Ba4 56. Rb1 b3 57. Kc4 Kb6 58. Kb4 Bb5 59. Kxb3 Kc5 60. Rc1+ Kb6 61. Rg1 Kc5 62. Rg6 Kd4 63. Kb4 Kd5 64. Rh6 Kd4 65. Rh5 Kd3 66. Rh4 Bd7 67. Kc5 Bb5 68. Kd5 Kc3 69. Rh2 Bc4+ 70. Kc5 a5 71. Rh3+ Bd3 72. Rh4 Bc2 73. Rc4+ Kb2 74. Rh4 a4 75. Kb4 a3 76. Rh1 a2 77. Rg1 Bb1 78. Rg2+ Kc1 79. Rxa2 Bxa2 1/2-1/2

[Event "24th Klatovy B 2016"]
[Site "Klatovy CZE"]
[Date "2016.07.03"]
[Round "2.52"]
[White "Barta, Daniel"]
[Black "Ret, Adam Josef"]
[Result "0-1"]
[WhiteElo "1115"]
[BlackElo "1427"]
[PlyCount "98"]
[EventDate "2016.07.02"]
[EventType "swiss"]
[EventRounds "9"]
[EventCountry "CZE"]

1. e4 e6 2. d4 d5 3. e5 c5 4. c3 Qb6 5. Nf3 Nc6 6. a3 cxd4 7. Nxd4 Nxe5 8. Bf4 Ng6 9. Bg3 Bd7 10. b4 Nf6 11. Nd2 Be7 12. Be2 O-O 13. O-O Rac8 14. Rc1 a5 15. Bf3 axb4 16. axb4 Bxb4 17. cxb4 Rxc1 18. Qxc1 Qxd4 19. Bd6 Rc8 20. Bc5 Qe5 21. Re1 Qc7 22. g3 b6 23. Nb3 bxc5 24. Qxc5 Qxc5 25. Nxc5 Rb8 26. Rb1 Ne5 27. Be2 Bb5 28. Bxb5 Rxb5 29. Ra1 g6 30. Na6 Nd3 31. Rb1 Rb6 32. b5 Ne4 33. Nc7 Ndxf2 34. Na8 Rb8 35. Nc7 Nc3 36. Rb3 Nfe4 37. b6 Na4 38. b7 Nac5 39. Rb5 Rxb7 40. Rxb7 Nxb7 41. Nb5 Kg7 42. Kg2 Nbd6 43. Nd4 Nf5 44. Nc6 d4 45. Kf3 Nd2+ 46. Ke2 Nb3 47. Ne5 f6 48. Nf3 e5 49. Kd3 Nd6 0-1

[Event "24th Klatovy B 2016"]
[Site "Klatovy CZE"]
[Date "2016.07.03"]
[Round "2.53"]
[White "Kresl, Filip"]
[Black "Krejbich, Lukas"]
[Result "1-0"]
[WhiteElo "1365"]
[BlackElo "1063"]
[PlyCount "37"]
[EventDate "2016.07.02"]
[EventType "swiss"]
[EventRounds "9"]
[EventCountry "CZE"]

1. e4 e5 2. d4 d6 3. dxe5 Nc6 4. Nf3 Be7 5. Nc3 f6 6. exd6 cxd6 7. Bc4 f5 8. e5 Nxe5 9. Nxe5 dxe5 10. Qxd8+ Bxd8 11. Nd5 Nf6 12. Bg5 Nxd5 13. Bxd8 Kxd8 14. O-O-O Ke7 15. Rxd5 Be6 16. Rxe5 Kf6 17. Rxe6+ Kg5 18. h4+ Kf4 19. Be2 1-0

[Event "24th Klatovy B 2016"]
[Site "Klatovy CZE"]
[Date "2016.07.03"]
[Round "2.54"]
[White "Velkoborsky, Jan"]
[Black "Vavrinkova, Anna"]
[Result "0-1"]
[WhiteElo "1100"]
[BlackElo "1364"]
[PlyCount "112"]
[EventDate "2016.07.02"]
[EventType "swiss"]
[EventRounds "9"]
[EventCountry "CZE"]

1. e4 d5 2. exd5 Qxd5 3. Nf3 Bg4 4. Be2 Nf6 5. Nc3 Qd6 6. O-O e6 7. d3 Be7 8. Bg5 h6 9. Bxf6 Bxf6 10. Nb5 Qd7 11. Nc3 O-O 12. h3 Bh5 13. d4 Nc6 14. Bb5 a6 15. Bxc6 Qxc6 16. Qe2 Bxf3 17. Qxf3 Qxf3 18. gxf3 Bxd4 19. Rad1 Bxc3 20. bxc3 Rad8 21. Rxd8 Rxd8 22. a4 Kf8 23. c4 Rd4 24. Rb1 Rxc4 25. Rxb7 Rxc2 26. Rb8+ Ke7 27. Rb4 Kd6 28. Rd4+ Ke5 29. Re4+ Kd5 30. Rg4 g6 31. Rh4 h5 32. Rf4 f5 33. Rb4 Rc4 34. Rb7 Kd6 35. Rb1 Rxa4 36. Rd1+ Kc5 37. Rc1+ Rc4 38. Ra1 Kb5 39. Rb1+ Rb4 40. Re1 c5 41. Rxe6 c4 42. Re5+ Ka4 43. Re1 c3 44. Ra1+ Kb5 45. h4 c2 46. Kf1 Rb1+ 47. Rxb1+ cxb1=Q+ 48. Kg2 a5 49. f4 a4 50. f3 a3 51. Kf2 a2 52. Kg3 a1=R 53. Kf2 Qe1+ 54. Kg2 Ra2+ 55. Kh3 Qh1+ 56. Kg3 Qg2# 0-1